00327nam a2200145Ia 45000030006000000080041000060400015000471000017000622450019000792500006000982600042001043000006001465460012001520050017001640STCL150530s9999 xx 000 0 und d aSTCLcSTCL aSharma, O.P. aPlant Taxonomy a2 bTata Mccgraw hill; Delhic2011aDelhi a0 aEnglish20220125170350.0